000 00567 a2200193 4500
020 _a0-8493-1868-8 (alk. paper)
040 _aDLC
_bDLC
082 _a005.8
082 _a005.8
082 _a005.8
100 1 _aFisch, Eric A.
245 0 0 _aSecure computers and networks : analysis, design, and implementation
_cEric A. Fisch, Gregory B. White
260 _aBoca Raton, FL :
_bCRC Press,
_c2000
300 _a370 s.
650 0 _aComputer security
650 0 _aComputer networks
_xSecurity measures
700 1 _aWhite, Gregory B.
942 _cBK
_k005.8 FIS
_2ddc
999 _c6695
_d6695